| 000 | 00490pab a2200169 454500 | ||
|---|---|---|---|
| 008 | 180718b2012 xxu||||| |||| 00| 0 eng d | ||
| 100 | _aHooper, Michael | ||
| 245 | _aMotivations for slum dweller social movement participation in urban Africa: a study of mobilization in Kurasini, Dar es Salaam | ||
| 260 | _c2012 | ||
| 300 | _ap.99-114. | ||
| 362 | _aApr | ||
| 650 | _aSlums | ||
| 700 | _aOrtolano, Leonard | ||
| 773 | _aEnvironment and Urbanization | ||
| 908 | _aN | ||
| 909 | _a96266 | ||
| 999 |
_c96266 _d96266 |
||